Házadó-kedvezmények az építkezés előmozdítása szolgálatában
Elmentve itt :
| Dokumentumtípus: | Cikk |
|---|---|
| Megjelent: |
1926
|
| Sorozat: | Polgári jog : a hazai és külföldi magánjog és hiteljog szemléje
2 |
| Kulcsszavak: | Adókedvezmény építkezés 1926 |
| Online Access: | http://misc.bibl.u-szeged.hu/4405 |
| LEADER | 00596nab a2200157 i 4500 | ||
|---|---|---|---|
| 001 | misc4405 | ||
| 005 | 20191106143034.0 | ||
| 008 | 170607s1926 hu o 0|| hun d | ||
| 040 | |a SZTE Miscellanea Repozitórium |b hun | ||
| 041 | |a hun | ||
| 245 | 0 | 0 | |a Házadó-kedvezmények az építkezés előmozdítása szolgálatában |h [elektronikus dokumentum] |
| 260 | |c 1926 | ||
| 300 | |a 58b | ||
| 490 | 0 | |a Polgári jog : a hazai és külföldi magánjog és hiteljog szemléje |v 2 | |
| 695 | |a Adókedvezmény építkezés 1926 | ||
| 856 | 4 | 0 | |u http://misc.bibl.u-szeged.hu/4405/1/polgari_jog_1926_058b.pdf |z Dokumentum-elérés |